Évènement historiques - Avant ou après J-C ? - Statistiques

Statistiques générales
  • Ce quiz a été pris 19 945 fois
    19 885 depuis la dernière actualisation
  • Le résultat moyen est 12 sur 18
Statistiques - réponses
Question Réponse % Correct
Premier ascension connue du Mont Blanc Après J-C
92%
Guillaume le Conquérant envahit l’Angleterre Après J-C
91%
Construction de la Grande Pyramide en Égypte Avant J-C
90%
Extinction du mammouth laineux Avant J-C
87%
Guerre de Troie Avant J-C
75%
Invention de la poudre à canon Après J-C
74%
Première mention écrite de la ville de Moscou Après J-C
71%
Début de l’Islam Après J-C
71%
Défaite de Vercingétorix à Alésia Avant J-C
71%
La dernière fois que Babylone était la plus grande ville du monde Avant J-C
69%
Peuplement de la Nouvelle-Zélande Après J-C
66%
Naissance de Bouddha Avant J-C
63%
Assassinat de Jules César Avant J-C
61%
Naissance d’Alexandre le Grand Avant J-C
60%
Invention des échecs Après J-C
47%
Construction des Arènes de Nîmes Après J-C
47%
Premier modèle héliocentrique connu du système solaire Avant J-C
46%
Fondation de l’Empire Inca Après J-C
43%
Aucun quiz correspondant
Distribution des résultats
% des personnes avec chaque résultat
Percentile par nombre de réponses
Votre historique - résultats
Vous n’avez pas pris ce quiz depuis la dernière actualisation